Roger Caras' treasury of great cat stories. (Record no. 685)

MARC details
000 -LEADER
fixed length control field 02175cam a2200277Ia 4500
003 - CONTROL NUMBER IDENTIFIER
control field data
005 - DATE AND TIME OF LATEST TRANSACTION
control field 20260322212030.0
008 - FIXED-LENGTH DATA ELEMENTS--GENERAL INFORMATION
fixed length control field data
020 ## - INTERNATIONAL STANDARD BOOK NUMBER
International Standard Book Number 0883657635
020 ## - INTERNATIONAL STANDARD BOOK NUMBER
International Standard Book Number 9780883657638
040 ## - CATALOGING SOURCE
Original cataloging agency KRL
Transcribing agency KRL
Modifying agency BGF
-- UUC
-- OCL
-- OCLCQ
-- BTCTA
-- BAKER
-- FMO
-- BGF
050 #4 - LIBRARY OF CONGRESS CALL NUMBER
Classification number PR1309.C36
Item number C37 1993
082 00 - DEWEY DECIMAL CLASSIFICATION NUMBER
Classification number 823/.01/0836
Edition information 19
082 04 - DEWEY DECIMAL CLASSIFICATION NUMBER
Classification number 636.8
Item number R
092 ## - LOCALLY ASSIGNED DEWEY CALL NUMBER (OCLC)
Classification number 823 C37 1993
001 - CONTROL NUMBER
control field data
245 10 - TITLE STATEMENT
Title Roger Caras' treasury of great cat stories.
Statement of responsibility, etc. Roger A. Caras.
260 ## - PUBLICATION, DISTRIBUTION, ETC.
Place of publication, distribution, etc. New York :
Name of publisher, distributor, etc. Galahad Books,
Date of publication, distribution, etc. 1990, c1987.
300 ## - PHYSICAL DESCRIPTION
Extent xiii, 495 p. ;
Dimensions 24 cm.
505 00 - FORMATTED CONTENTS NOTE
Title Autumn: The garden of stubborn cats /
Statement of responsibility Italo Calvino.
Title Cat by the fire /
Statement of responsibility Leigh Hunt --
Title White cat /
Statement of responsibility W.W. Jacobs --
Title Black cat /
Statement of responsibility Edgar Allan Poe --
Title Cats /
Statement of responsibility Philip Gilbert Hamerton --
Title Cat /
Statement of responsibility Mary E. Wilkins Freeman --
Title Calvin, the cat /
Statement of responsibility Charles Dudley Warner --
Title Ye marvelous legend of Tom Connor's cat /
Statement of responsibility Samuel Lover --
Title Dick Baker's cat /
Statement of responsibility Mark Twain --
Title Conscientious cat /
Statement of responsibility Agnes A. Sandham --
Title He wrote to the rats /
Statement of responsibility Julian Ralph --
Title Philanthropist and the happy cat /
Statement of responsibility Saki --
Title Tobermory /
Statement of responsibility Saki --
Title Midshipman, the cat /
Statement of responsibility John Coleman Adams --
Title Black affair /
Statement of responsibility W.W. Jacobs --
Title "When in doubt - Wash!" /
Statement of responsibility Paul Gallico --
Title Jennie's lessons to Peter on how to behave like a cat /
Statement of responsibility Paul Gallico --
Title Witch's cat /
Statement of responsibility Manly Wade Wellman --
Title Feline felony /
Statement of responsibility Lael J. Littke --
Title Cyprian cat /
Statement of responsibility Dorothy L. Sayers --
Title Novice /
Statement of responsibility James H. Schmitz --
Title Fat cat /
Statement of responsibility Q. Patrick --
Title My father, the cat /
Statement of responsibility Henry Slesar --
Title Sin of Madame Phloi /
Statement of responsibility Lilian Jackson Braun --
Title King of the cats /
Statement of responsibility Stephen Vincent Benet --
Title Game of rat and dragon /
Statement of responsibility Cordwiner Smith --
Title Podolo /
Statement of responsibility L.P. Hartley --
Title Space-time for springers /
Statement of responsibility Fritz Leiber --
Title Spooner /
Statement of responsibility Eleanor Farjeon --
Title Story of Webster /
Statement of responsibility P.G. Wodehouse --
Title Out of place /
Statement of responsibility Pamela Sargent --
Title Cat nipped /
Statement of responsibility Jack Schaefer --
Title Cat who lived in a drainpipe /
Statement of responsibility Joan Aiken --
Title Some are born cats /
Statement of responsibility Terry and Carol Carr --
Title Autumn: The garden of stubborn cats /
Statement of responsibility Italo Calvino.
650 #0 - SUBJECT ADDED ENTRY--TOPICAL TERM
Topical term or geographic name entry element Cats
Form subdivision Fiction.
650 #0 - SUBJECT ADDED ENTRY--TOPICAL TERM
Topical term or geographic name entry element Short stories, English.
650 #0 - SUBJECT ADDED ENTRY--TOPICAL TERM
Topical term or geographic name entry element Short stories, American.
700 1# - ADDED ENTRY--PERSONAL NAME
Personal name Caras, Roger A.
740 01 - ADDED ENTRY--UNCONTROLLED RELATED/ANALYTICAL TITLE
Uncontrolled related/analytical title Treasury of great cat stories.
Holdings
Withdrawn status Lost status Damaged status Not for loan Home library Current library Shelving location Date acquired Total checkouts Full call number Barcode Date last seen Price effective from Koha item type
        Franklin Franklin General stacks 22/03/2026   823/.01/0836 19 BC0010702 22/03/2026 22/03/2026 Books